Zlatý výber 2 Hrončekovci z Hriňovej

Bibliographic Details
Corporate Authors: Dobrona spevácka skupina: Dobrá Niva, Slovensko (Performer), Ľudová hudba Jána Hrončeka (Performer)
Format: CD Audio
Language:Slovak
PhysicalDescription:1 zvuková platňa digital 12 cm
Published: Bratislava Akcent 2005
Subjects:

MARC

LEADER 00000njm a2200000 a 4500
001 vtls008186919
003 SK-MaSNL
005 20260302003418.0
007 sd fsngnnmmned
008 050728s2005 xo zzn sd slo
015 |a SNBJ2005 
028 0 1 |a 0188-2  |b Akcent 
040 |a SNK  |b slo  |c SNK  |e AACR2 
041 0 |a slo 
072 7 |a 784  |x Vokálna hudba  |2 konspekt 
080 |a 784.4  |2 2001 
080 |a (086.76)  |2 2001 
245 0 0 |a Zlatý výber 2  |h zvukový záznam  |b Hrončekovci z Hriňovej 
260 |a Bratislava  |b Akcent  |c 2005 
300 |a 1 zvuková platňa  |b digital  |c 12 cm 
505 0 |a Obsahuje 20 piesní 
511 0 |a Spoluúčinkuje: Ženská a mužská sp. skupina Dobrona z Dobrej Nivy 
650 0 7 |a slovenské ľudové piesne  |2 SNKPH  |9 3454 
650 0 7 |a ľudová hudba  |2 SNKPH  |9 3183 
655 7 |a kompaktné platne  |2 SNKPH  |9 70690 
710 2 |a Dobrona spevácka skupina: Dobrá Niva, Slovensko  |4 prf  |9 642085 
710 2 |a Ľudová hudba Jána Hrončeka  |4 prf  |9 32970 
999 |c 991913  |d 993843 
952 |a SNK  |b SNK  |y PREZ  |7 0  |p 17A0479784  |o snkSCD 1311/2  |i snk2005/13298  |8 0  |0 0  |1 0  |4 0  |d 2005-07-28  |l 0  |r 2026-02-24 11:52:30  |w 2026-02-24